000 00601nam a22002057a 4500
005 20220926092706.0
008 220926b ||||| |||| 00| 0 eng d
020 _a9789390104918
040 _aIN-DiNC
_cIN-DiNC
041 _deng
082 _a658
_bSHA
100 _aSharma, RK
_eauthor
245 _aManagement:
_bprinciples and application/
_cby RK Sharma, Shashi K Gupta and Rahul Sharma
260 _aLudhiana:
_bKalyani publishers,
_c2022.
300 _a19.9p.
650 _aConcept of Management
700 _aGupta, Shashi K
_eauthor
700 _aSharma, Rahul
_eauthor
942 _2ddc
_cBK
999 _c11397
_d11397